[Event "Budapest SixDays 11 IM-B"]
[White "Sagi, Bence Asztrik"]
[Black "Miszler, Levente"]
[Site "Budapest"]
[Round "7"]
[Result "0-1"]
[Date "2024.11.26"]
[WhiteElo "2208"]
[BlackElo "2257"]
[PlyCount "84"]
[EventDate "2024.11.22"]
[EventType "tourn"]
[EventRounds "9"]
[EventCountry "HUN"]
[EventCategory "1"]
[SourceTitle "CB49_2024"]
[SourceDate "2024.12.04"]
[SourceVersion "1"]
[SourceVersionDate "2024.12.04"]
[SourceQuality "1"]

1. Nf3 d5 2. d4 e6 3. Bf4 Nf6 4. e3 Bd6 5. Nbd2 c5 6. Bg3 Qc7 7. dxc5 Qxc5 8. Bd3 Nbd7 9. c3 0-0 10. e4 Bxg3 11. hxg3 dxe4 12. Bxe4 h6 13. Qe2 Rb8 14. Nd4 Ne5 15. N2b3 Qc7 16. Bc2 Bd7 17. 0-0-0 b5 18. Nf3 Nc4 19. Rh4 Rfc8 20. Rf4 e5 21. Rxf6 gxf6 22. Nh4 Be6 23. Qh5 Nxb2 24. Qxh6 Qxc3 25. Qh7+ Kf8 26. Rd6 Qxc2+ 27. Qxc2 Rxc2+ 28. Kxc2 Na4 29. Ra6 Rc8+ 30. Kd2 Rc7 31. Ra5 Nc3 32. Nf3 b4 33. Ne1 Rd7+ 34. Kc2 Bf5+ 35. Kb2 Rd1 36. Nc1 Rxe1 37. Rxa7 Be6 38. a3 bxa3+ 39. Rxa3 Nd1+ 40. Kc2 Nxf2 41. Rf3 Ng4 42. Kd2 Rg1 0-1